mir. Management international review journal of international business

Saved in:
Bibliographic Details
Format: Serial
Language:English
Published: Wiesbaden Gabler 1994
Subjects:
Tags: Add Tag
No Tags, Be the first to tag this record!

MARC

LEADER 00000nas2a2200000 4500
001 s018013
005 20250730114130.9
022 |a 0025-181X 
041 0 |a eng 
044 |a DE 
245 1 0 |a mir. Management international review  |b journal of international business 
264 1 |a Wiesbaden  |b Gabler  |c 1994 
300 |a 1 zv. 
773 0 |w eu_un_cat*s120176 
610 2 0 |a riadenie obchodu 
610 2 0 |a manažment 
610 2 0 |a vzťahy hospodárske medzinárodné